000 01789nam a22003017a 4500
001 5234
003 FISKH
005 20241120140836.0
008 241120b cb ||||| |||| 00| 0 eng d
020 _a9780802408495
040 _aFISKH
_beng
_cFISKH
_dFISKH
050 _aBV1590.D87
082 _a248.845
100 _aDurbin, Kara
245 _aParenting With Scripture :
_bA Topical Guide for Teachable Moments /
_cby Kara Durbin
260 _aChicago :
_bMoody Publshiers ;
_c2012.
300 _a246 pages :
_billustrations ;
_c22 cm .
505 _aS
520 _aFamily & Relationships. Christian Nonfiction. Religion & Spirituality. Nonfiction. HTML: Parenting with Scripture is an easy to use topical resource that parents with young children can use when teachable moments arise. This effective guide helps teach young children how to think and apply God's Word in their daily lives. Kara Durbin's revised book helps parents capture those teachable moments and use Scripture to shape their children's behavior. The 101 alphabetically sorted topics address behavior, attitude, emotions, and actions. Examples include Forgiveness, Humility, Anger and Procrastination. Each topic includes scripture passages, discussion questions, action items, and parenting tips. Questions and tips are written so older children can teach younger children. This new edition of Parenting with Scripture includes detailed help for parents to quickly identify teachable moments, and what to do when they appear.
521 8 _a790
_bLexile
521 8 _aS
_bRaz-Plus
650 _aScripture
_vnon-fiction
650 _aChristian living
_vnon-fiction
650 _aparenting
_vnon-fiction
700 _aLaPlaca, Ammette
_eeditor
942 _2ddc
_cBK
_n0
999 _c5234
_d5234